| 000 | 00448nam a2200169Ia 4500 | ||
|---|---|---|---|
| 008 | 210210b1989 xxu||||| |||| 00| 0 eng d | ||
| 020 | _a81 208 0446 5 | ||
| 082 | _a809.88914 WARI | ||
| 100 | _aWARDER (A K). | ||
| 245 | _aIndian kavya literature.V1-Literary criticism. | ||
| 260 |
_aN D _bMotilal Banarsidass _c1989 |
||
| 300 | _axvii,294 | ||
| 440 | _a1 | ||
| 650 | _aIndian Kavya Literature | ||
| 690 | _aIndian Literature | ||
| 906 | _a045938 | ||
| 999 |
_c95274 _d95274 |
||